|
|
|
|
| LEADER |
00000nab a2200000 a 4500 |
| 001 |
vtls000839781 |
| 003 |
SK-MaSNL |
| 005 |
20260304121043.0 |
| 008 |
250429c2003 xo 0 slo |
| 015 |
|
|
|a SNBRB2003/07-20000
|
| 035 |
|
|
|a CLN000191436
|
| 035 |
|
|
|a urn:nbn:sk:snk-ab7hbe
|
| 035 |
|
|
|a (urnnbn)urn:nbn:sk:snk:ar-005sgw
|
| 035 |
|
|
|a (uuid)b84bc58e-9852-4bf9-a9d9-56ec89678c4e
|
| 040 |
|
|
|a SNKBUCL
|b slo
|c SNKBUCL
|e AACR2
|
| 041 |
0 |
|
|a slo
|
| 044 |
|
|
|a xo
|c SK
|
| 080 |
|
|
|a 930.25
|2 1997
|
| 100 |
1 |
|
|a Rákoš, Elo,
|d 1935-2003
|4 aut
|9 199718
|
| 245 |
1 |
0 |
|a Úvahy o archivistike
|c Elo Rákoš
|
| 500 |
|
|
|a Res. prel. Ute Kurdelová
|
| 504 |
|
|
|a Res. nem.
|
| 504 |
|
|
|a Bibliogr. odkazy a pozn.
|
| 650 |
0 |
7 |
|a archivistika
|2 snkbucl
|9 25487
|
| 655 |
|
7 |
|a články z novín a časopisov
|2 snkbucl
|9 267496
|
| 700 |
1 |
|
|a Kurdelová, Ute
|4 aut
|9 8827
|
| 773 |
0 |
|
|t Slovenská archivistika
|g Roč. 38, č. 1 (2003), s. 5-31
|x 0231-6722
|
| 850 |
|
|
|a Slovenská národná knižnica
|
| 852 |
|
|
|a Slovenská národná knižnica
|
| 954 |
|
|
|a odborná, vedecká literatúra pôvodná (slovenská)
|2 lita
|
| 958 |
|
|
|a article7
|
| 958 |
|
|
|a NB
|
| 958 |
|
|
|a OND
|
| 958 |
|
|
|a EUIPO
|
| 992 |
|
|
|a RBX
|
| 999 |
|
|
|c 2883203
|d 2885133
|